Central Library OPAC University of Rajshahi

Arab-Israeli relations / (Record no. 46264)

MARC details
000 -LEADER
fixed length control field 00760nam a2200253 a 4500
001 - CONTROL NUMBER
control field 46264
003 - CONTROL NUMBER IDENTIFIER
rucl marc code BD-RjUL
005 - DATE AND TIME OF LATEST TRANSACTION
control field 20211209054128.0
008 - FIXED-LENGTH DATA ELEMENTS--GENERAL INFORMATION
fixed length control field 160801s1978 ii a b 001 0 eng d
035 ## - SYSTEM CONTROL NUMBER
System control number (BD-RjUL)46382
System control number 270872
040 ## - CATALOGING SOURCE
Original cataloging agency ANL
Language of cataloging eng
Transcribing agency ANL
041 ## - LANGUAGE CODE
Language code of text/sound track or separate title eng
082 04 - DEWEY DECIMAL CLASSIFICATION NUMBER
Classification number 956.94
Author mark and year GUA 1978
100 1# - MAIN ENTRY--PERSONAL NAME
Personal name Gupta, Bharat Bhushan.
9 (RLIN) 141297
245 10 - TITLE STATEMENT
Title Arab-Israeli relations /
Statement of responsibility, etc. Bharat Bhushan Gupta.
260 ## - PUBLICATION, DISTRIBUTION, ETC. (IMPRINT)
Place of publication, distribution, etc. New Delhi :
Name of publisher, distributor, etc. Ashish Publishing House,
Date of publication, distribution, etc. 1978.
300 ## - PHYSICAL DESCRIPTION
Pagination viii, 135 p. :
Illustrations ill. ;
Size 23 cm.
500 ## - GENERAL NOTE
General note Includes bibliographical references and index.
504 ## - BIBLIOGRAPHY, ETC. NOTE
Bibliography, etc Bibliography: p. [127]-130.
650 #0 - SUBJECT ADDED ENTRY--TOPICAL TERM
Topical term or geographic name as entry element Jewish-Arab relations.
9 (RLIN) 141298
Topical term or geographic name as entry element Palestinian Arabs
Geographic subdivision Israel.
9 (RLIN) 141299
942 ## - ADDED ENTRY ELEMENTS (KOHA)
Source of classification or shelving scheme Dewey Decimal Classification
Koha item type Books
Holdings
Lost status Source of classification or shelving scheme Damaged status Not for loan Collection code Permanent Location Current Location Shelving location Date acquired Source of acquisition Cost, normal purchase price Total Checkouts Total Renewals Full call number Date last seen Date checked out Copy number Koha item type
  Dewey Decimal Classification     Non-fiction Central Library, University of Rajshahi Central Library, University of Rajshahi   04/12/1983 Tulip Enterprise, Dhaka 50.00 1 1 956.94 GUA 1978 11/04/2019 31/03/2019 C-2 Books
  Dewey Decimal Classification     Non-fiction Central Library, University of Rajshahi Central Library, University of Rajshahi   04/12/1983 Tulip Enterprise, Dhaka 50.00     956.94 GUA 1978 01/08/2016   C-3 Books
  Dewey Decimal Classification     Non-fiction Central Library, University of Rajshahi Central Library, University of Rajshahi   04/12/1983 Tulip Enterprise, Dhaka 50.00     956.94 GUA 1978 01/08/2016   C-4 Books
  Dewey Decimal Classification     Non-fiction Central Library, University of Rajshahi Central Library, University of Rajshahi   04/12/1983 Tulip Enterprise, Dhaka 50.00     956.94 GUA 1978 01/08/2016   C-5 Books
  Dewey Decimal Classification     Non-fiction Central Library, University of Rajshahi Central Library, University of Rajshahi   04/12/1983 Tulip Enterprise, Dhaka 50.00     956.94 GUA 1978 01/08/2016   C-6 Books